|
|
|
|
| LEADER |
00000nam0a2200000 4500 |
| 001 |
684090 |
| 005 |
20251224143141.0 |
| 090 |
|
|
|a 684090
|
| 100 |
|
|
|a 20251224d1978 km|y0rusy50 ca
|
| 101 |
0 |
|
|a rus
|
| 102 |
|
|
|a UA
|
| 105 |
|
|
|a a g 001yy
|
| 181 |
|
0 |
|a i
|b e
|
| 182 |
|
0 |
|a n
|
| 183 |
|
0 |
|a nc
|2 RDAcarrier
|
| 200 |
1 |
|
|a Справочник техника-конструктора
|f Я. А. Самохвалов, М. Я. Левицкий, В. Д. Григораш
|
| 205 |
|
|
|a 3-е изд., перераб. и доп.
|
| 210 |
|
|
|a Киев
|c Технiка
|d 1978
|
| 215 |
|
|
|a 592 с.
|c ил.
|
| 283 |
|
|
|a volume
|2 RDAcarrier
|
| 320 |
|
|
|a Список литературы: с. 586-587
|
| 606 |
|
|
|a Машиностроение
|x Конструирование
|9 61229
|
| 610 |
1 |
|
|a конструкционные материалы
|
| 610 |
1 |
|
|a конструкторские нормы
|
| 610 |
1 |
|
|a допуски
|
| 610 |
1 |
|
|a посадки
|
| 610 |
1 |
|
|a шероховатость
|
| 610 |
1 |
|
|a резьбовые соединения
|
| 610 |
1 |
|
|a винтовые механизмы
|
| 610 |
1 |
|
|a крепежные детали
|
| 610 |
1 |
|
|a сварные соединения
|
| 610 |
1 |
|
|a муфты
|
| 610 |
1 |
|
|a подшипники
|
| 610 |
1 |
|
|a смазочные материалы
|
| 610 |
1 |
|
|a справочники
|
| 675 |
|
|
|a 621.001.66
|v 4
|
| 700 |
|
1 |
|a Самохвалов
|b Я. А.
|g Яков Антонович
|
| 701 |
|
1 |
|a Левицкий
|b М. Я.
|g Моисей Янкелевич
|
| 701 |
|
1 |
|a Григораш
|b В. Д.
|g Виталий Данилович
|
| 801 |
|
0 |
|a RU
|b 63413507
|c 20251224
|
| 830 |
|
|
|a Ретро2025Каталогизация Шило
|
| 850 |
|
|
|a 63413507
|
| 942 |
|
|
|c BK
|